• 首页
  • 本馆介绍
  • 公告通知
  • 最新文献
  • 馆藏检索
  • 电子资源
  • 读者导购
  • 参考咨询
  • 我的图书馆
  • 登录
  • 详细信息显示
  • 放入我的书架
  • 预约/预借图书
  • 作者相关作品
  • 分类相关作品
  • 丛书相关作品
  • 出版社相关作品

书目信息

  • 表格格式
  • 工作单格式
  • 卡片格式
题名:
工程数学
    
 
作者: ;同济大学数学系 编
分册:  
出版信息: 北京   高等教育出版社  2007
页数: 164页
开本: 23cm
丛书名:
单 册:
中图分类: TB11
科图分类:
主题词: 工程数学--高等教育--教材 , 线性代数--高等教育--教材
电子资源:
ISBN: 978-7-04-021218-1
000 00928nam0 2200253 45
005 20100303150533.90
010    @a978-7-04-021218-1@dCNY12.10
100    @a20100121e20092007em y0chiy0121 ea
101 0  @achi
102    @aCN@b110000
105    @ay z 000yy
106    @ar
200 1  @a工程数学@AGong Cheng Shu Xue@e线性代数@EXian Xing Dai Shu@f同济大学数学系编@FTong Ji Da Xue Shu Xue Xi Bian
205    @a5版
210    @a北京@c高等教育出版社@d2007@h2009
215    @a164页@d23cm
300    @a普通高等教育“十一五”国家级规划教材
330    @a本书内容分为:行列式、矩阵的初等变换与线性方程组、向量组的线性相关性、相似矩阵及二次型、线性空间与线性变换等六章。各章均配有一定数量的习题。
606 0  @a工程数学@x高等教育@j教材
606 0  @a线性代数@x高等教育@j教材
690    @aTB11@v4
711 02 @a同济大学数学系@ATong Ji Da Xue Shu Xue Xi@4编
801  0 @aCN@bTANGWEI@c20100303
905    @b0585676-80@dTB11@e146=5@f5
    
    工程数学:线性代数/同济大学数学系编.-5版.-北京:高等教育出版社,2007(2009)
    164页;23cm
    普通高等教育“十一五”国家级规划教材
    
    ISBN 978-7-04-021218-1:CNY12.10
    本书内容分为:行列式、矩阵的初等变换与线性方程组、向量组的线性相关性、相似矩阵及二次型、线性空间与线性变换等六章。各章均配有一定数量的习题。
●
相关链接 在E读中查询图书 在五车中查询图书 在当当中查询图书 在豆瓣中查询图书


正题名:工程数学     索取号:TB11/146=5         预约/预借

序号 登录号 条形码 馆藏地/架位号 状态 备注
1 0585676   205856769   第二样本阅览室/ [索取号:TB11/146=5] 在馆    
2 0585677   205856778   第三借阅区/ [索取号:TB11/146=5] 在馆    
3 0585678   205856787   第三借阅区/ [索取号:TB11/146=5] 在馆    
4 0585679   205856796   第三借阅区/ [索取号:TB11/146=5] 在馆    
5 0585680   205856803   第三借阅区/ [索取号:TB11/146=5] 在馆    
唐山师范学院图书馆 欢迎您!
大连网信软件有限公司© 版权所有